KOHA-Header-6

Fundamentals of Entrepreneurship (Record no. 8215)

000 -LEADER
fixed length control field 00272nam a2200109Ia 4500
100 ## - MAIN ENTRY--AUTHOR NAME
Personal name Sodri Ariffin
245 #0 - TITLE STATEMENT
Title Fundamentals of Entrepreneurship
260 ## - PUBLICATION, DISTRIBUTION, ETC. (IMPRINT)
Place of publication Karachi
Name of publisher Oxford Press
Year of publication 1988
300 ## - PHYSICAL DESCRIPTION
Number of Pages 782
942 ## - ADDED ENTRY ELEMENTS (KOHA)
Koha item type Books
Holdings
Withdrawn status Lost status Collection code Permanent Location Current Location Shelving location Date acquired Full call number Accession Number Koha item type
    Management MAJU MAJU   2019-09-13 5.133 2777 Management

Powered by Koha